000 00678nam a2200229Ia 4500
003 GCL
008 140319s9999 xx 000 0 ara d
040 _aGCL /
_cGCL
082 0 4 _a813.087
_bى ا
100 1 _aيعقوب الشارونى
245 1 0 _aاول ايام العطلة /
_cيعقوب الشارونى
700 1 _aيجور ماكجر أ
260 _a[S.N] :
_bمكتبة لبنان ،
_c1982
300 _a50 ص
490 _aالمغامرات المحبوبة
_v0
650 0 4 _aالاطفال
650 0 4 _aالقصص
650 0 4 _aقصص الاطفال
650 0 4 _aادب الاطفال
650 0 4 _aقصص المغامرات
942 _2ddc
_cBK
999 _c32804
_d32804